Language Quiz

Random Language or Letter Quiz

Most Common Long M Words Quiz Stats

 Plays Quiz not verified by Sporcle

Challenge
Share
Tweet
Embed
Score 0/30 Timer 06:00
0 Plays Today
RANK WORD % Correct
11MAINTAIN
69.2%
1MILLION
65.4%
16MACHINE
57.7%
18MISSION
57.7%
6MOVEMENT
50%
3MILITARY
46.2%
10MANAGEMENT
46.2%
19MOUNTAIN
46.2%
21MEDICINE
46.2%
9MANAGER
42.3%
15MARRIAGE
42.3%
17MAJORITY
42.3%
5MEDICAL
38.5%
8MESSAGE
38.5%
13MENTION
38.5%
RANK WORD % Correct
7MEETING
34.6%
12MEASURE
30.8%
22MEANING
26.9%
24MINORITY
26.9%
26MINISTER
26.9%
27MULTIPLE
26.9%
29MUSICAL
26.9%
4MATERIAL
23.1%
20MISTAKE
23.1%
2MORNING
19.2%
14MAGAZINE
19.2%
23MARRIED
19.2%
28MASSIVE
15.4%
25MEANWHILE
7.7%
30MANUFACTURER
7.7%

You're not logged in!

Compare scores with friends on all Sporcle quizzes.
Join for Free
OR
Log In

You Might Also Like...

Show Comments

Extras

Top Quizzes Today


Score Distribution

Your Account Isn't Verified!

In order to create a playlist on Sporcle, you need to verify the email address you used during registration. Go to your Sporcle Settings to finish the process.

Report this User

Report this user for behavior that violates our Community Guidelines.

Details: